Η κυκλοφορία των εφημερίδων 1975-1992

Αποθηκεύτηκε σε:
Λεπτομέρειες βιβλιογραφικής εγγραφής
Κύριος συγγραφέας: Δρεττάκης, Μανόλης Γ., 1934-
Μορφή: Βιβλίο
Γλώσσα:Greek
Δημοσίευση: Αθήνα : Gutenberg, 1994
Σειρά:Βιβλιοθήκη κοινωνικής επιστήμης και κοινωνικής πολιτικής ; ; 37
Θέματα:
Ετικέτες: Προσθήκη ετικέτας
Δεν υπάρχουν, Καταχωρήστε ετικέτα πρώτοι!

MARC

LEADER 00000nam a2200000 i 4500
001 1/23789
008 950322s1994 gre d
020 |a 960-01-0525-1 
035 |l 10022151 
040 |a GR-MY-UA  |b gre  |e aacr 
041 0 |a gre 
082 0 |a 079.495 
100 1 |a Δρεττάκης, Μανόλης Γ.,   |d 1934- 
245 1 2 |a Η κυκλοφορία των εφημερίδων 1975-1992 /  |c Μανόλης Γ. Δρεττάκης 
260 |a Αθήνα :   |b Gutenberg,   |c 1994 
300 |a 102 σ.  |b πιν.; διαγ. 
490 1 |a Βιβλιοθήκη κοινωνικής επιστήμης και κοινωνικής πολιτικής  |v ; 37 
650 0 0 |a Greek newspapers  |z Greece  |z Athens. 
650 0 0 |a Greek newspapers  |z Greece  |z Piraeus. 
650 0 0 |a Greek newspapers  |x History. 
830 0 |a Βιβλιοθήκη κοινωνικής επιστήμης και κοινωνικής πολιτικής ;  |v ; 37 
852 |a INST  |b CHIOS  |e 19950322  |h 079.495 ΔΡΕ  |p 005200003730  |q 005200003730  |t BK  |y 0 
852 |a INST  |b CHIOS  |e 19980127  |h 079.495 ΔΡΕ  |p 005200010020  |q 005200010020  |t BK  |y 0 
852 |a INST  |b LESVOS  |e 19980428  |h 079.495 ΔΡΕ  |p 005100014444  |q 005100014444  |t BK  |y 0 
901 |a BIBL-1998-2 
909 |a Χ  |b 052894 
909 |a Χ  |b 037541 
909 |a Λ  |b 055222 
922 |a 2ΕΛΗ  |b 199712  |c ΖΑΧΑΡΑΤΟΣ  |d EMVASIS 
922 |a 1ΕΛΗ  |b 199805  |c ΚΠΣ/ΤΚ  |d EMVASIS 
950 |a 103-1998-02-03